00240nam a2200109Ia 4500008004100000100002100041245002100062260000900083650001400092942000700106999001700113190216s9999||||xx |||||||||||||| ||und|| aPonkunnan Varkey 0aPottiya Eazhakal bNull aKavithkal cBK c23882d23882